000 01118cam a22002651i 4500
003 SA-RiAUC
005 20250925074101.0
008 250925s2011 su g 000 0bara c
020 _a9786039021124
040 _aSA-RiIMS
_bara
_cSA-RiAUC
_erda
082 0 4 _a922.58
_qSA-RiAUC
090 _a922.58
_bع ب و
100 1 _aالعبودي، محمد بن ناصر،
_d1345-1443 هجري
_eمؤلف.
245 1 2 _aالشيخ العلامة عبد الله بن محمد بن حميد كما عرفته /
_cبقلم محمد بن ناصر العبودي.
250 _aالطبعة الأولى.
264 1 _aالرياض :
_bدار الثلوثية للنشر والتوزيع،
_c2011
300 _a2 مجلد ؛
_c24 سم
336 _aنص
_btxt
_2rdacontent
_3كتاب
337 _aبدون وسيط
_bn
_2rdamedia
338 _aمجلد
_bnc
_2rdacarrier
600 1 7 _aابن حميد، عبد الله بن محمد بن عبد العزيز،
_d1329-1402 هجري
_2aucnm
650 7 _aالفقهاء السعوديون
_vتراجم
_2aucsh
942 _2ddc
_cBOOK
_n0
949 _aSA-JeALM
_d250925
_ueid123
_n1
999 _c12088
_d12088